Alphabetical TV Quiz Stats

 Plays Quiz Updated Oct 4, 2018

Also try: Alphabetic Songs
Challenge
Share
Tweet
Embed
Score 0/26 Timer 06:00
7 Plays Today
Letters TV Show % Correct
DHDesperate Housewives
82.7%
W,TRWalker, Texas Ranger
78.7%
X:WPXena: Warrior Princess
70.2%
FMFamily Matters
69.3%
JSMJust Shoot Me!
67.5%
MMonk
67.2%
OTHOne Tree Hill
65.1%
CICCharles in Charge
64.7%
EM:HEExtreme Makeover: Home Edition
61.8%
SBTBSaved by the Bell
61%
LHOTPLittle House on the Prairie
58.5%
KOTHKing of the Hill
57.5%
VMVeronica Mars
55%
Letters TV Show % Correct
QLQuantum Leap
51.5%
ILCIn Living Color
48.8%
GAGreen Acres
46.2%
TBTrue Blood
45.9%
NCNight Court
41.4%
PMPerry Mason
39%
RRhoda
38%
HSBHill Street Blues
34%
BBBreaking Bad
32%
Y,DYes, Dear
29.8%
ZZorro
26.8%
UMUnsolved Mysteries
22.7%
AAirwolf
16.7%

You're not logged in!

Compare scores with friends on all Sporcle quizzes.
OR
Log In

You Might Also Like...

Show Comments

Extras

Top Quizzes Today


Score Distribution

Your Account Isn't Verified!

In order to create a playlist on Sporcle, you need to verify the email address you used during registration. Go to your Sporcle Settings to finish the process.

Report this User

Report this user for behavior that violates our Community Guidelines.

Details: